Statistics for Top 15 Serial Killers by Number of Victims

Click here to take the quiz!

General Stats

  • This quiz has been taken 28 times
  • The average score is 2 of 15

Answer Stats

VictimsAnswer% Correct
1449Gary Ridgway
61%
2110Pedro López
35%
953Andrei Chikatilo
30%
1138Luis Garavito
22%
1150Samuel Little
22%
3100Javed Iqbal
13%
478Mikhail Popkov
13%
1349Willy Pickton
13%
671Pedro Rodrigues Filho
9%
572Daniel Camargo Barbosa
4%
770Kampatimar Shankariya
4%
867Yang Xinhai
4%
1548Alexander Pichushkin
0%
1052Anatoly Onoprienko
0%
1250Florisvaldo de Oliveira
0%

Score Distribution

Percentile by Number Answered

Percent of People with Each Score

Your Score History

You have not taken this quiz